Statistiques concernant Préfectures de France : Ajaccio

Cliquez ici pour prendre le quiz!

Statistiques générales

  • Ce quiz a été pris 6 fois
  • Le résultat moyen est 9 sur 22

Statistiques - réponses

QuestionRéponse% Correct
Quel numéro porte celui-ci ?2A
100%
La ville appartient à l'académie deCorse
100%
A quelle région administrative appartient la ville depuis 2015 ?Corse
100%
De quel département est-ce la préfecture ?Corse-du-Sud
100%
Comment se nomment ses habitants ?Ajacciens | Ajacciennes
83%
La ville appartient au diocèse de/d'Ajaccio
67%
La couleur de fond de son blason est le/l'bleu
50%
Le journal local estLe {journal} de la Corse
50%
L'aéroport de la ville se nommeNapoléon Bonaparte
50%
Les communes limitrophes sontAfa
33%
Les communes limitrophes sontAlata
33%
Les communes limitrophes sontBastelicaccia
33%
Ville européenne jumelée avec la ville (4 possible)Iéna | La Maddallena | Larnaca | Palma de Majorque
33%
Les communes limitrophes sontVillanova
33%
L'archipel proche estclassé {Natura} 2000
17%
La cathédrale est dédiée àNotre-Dame | Vierge
17%
Quelle est la sous-préfecture qui en dépendSartène
17%
La couleur de fond de son blason est le/l'vert
17%
La principale gare a été mise en service en1888
0%
Ville non-européenne jumelée avec la ville (3 possible)Aksaray | Dana Point | Marrakech
0%
Les communes limitrophes sontGrosseto-Prugna
0%
L'archipel proche estles Sanguinaires
0%

Distribution des résultats

Percentile par nombre de réponses

% des personnes avec chaque résultat

Votre développement - résultats

Vous n’avez pas pris ce quiz